| 000 | 00492nam a22001697a 4500 | ||
|---|---|---|---|
| 003 | SISC | ||
| 005 | 20160217143251.0 | ||
| 008 | 140224t xxu||||| |||| 00| 0 eng d | ||
| 020 | _a0471029904 | ||
| 050 |
_aQD 272.S6 _b.Si55 1981 |
||
| 100 |
_aSilverstein, Robert _930629 |
||
| 245 |
_aSpectrometric identification of organic compounds / _cRobert Silverstein. |
||
| 260 |
_aNew York : _bJohn Wiley & Sons, _c1981. |
||
| 300 |
_a442 p. : _bill. ; _c28 cm. |
||
| 942 |
_2lcc _cBK |
||
| 999 |
_c42352 _d42352 |
||